000 00775cam a2200241 a 4500
001 000005532
005 20200929151713.0
008 970523s1996 sp b 000 1 spa
020 _a8437614805
040 _aDO-SdBNP
_cDLC
_dDLC
082 _aPa863.4
_bV713m
100 1 _aVillagra Marsal, Carlos,
_d1932-
_915640
245 1 0 _aMancuello y la perdiz /
_cCarlos Villagra Marsal ; edición de José Vicente Peiró.
260 _aMadrid :
_bCátedra,
_c1996.
300 _a205 p. :
_bil. ;
_c18 cm.
490 1 _aLetras hispánicas
_v418
650 4 _aNovela paraguaya
_915048
650 4 _aLiteratura paraguaya
_915641
700 1 _aPeiró, José Vicente,
_eed.
_915642
830 0 _aLetras hispánicas ;
_v418
_94208
910 _aCatalogación por copia / LC
910 _aWM
999 _c5331
_d5331